Ο χώρος της λογοτεχνίας
Αποθηκεύτηκε σε:
| Κύριος συγγραφέας: | |
|---|---|
| Μορφή: | Βιβλίο |
| Γλώσσα: | Greek French |
| Δημοσίευση: |
Αθήνα :
Εξάντας,
c1994.
|
| Έκδοση: | 2η έκδοση. |
| Σειρά: | Νήματα
|
| Θέματα: | |
| Ετικέτες: |
Προσθήκη ετικέτας
Δεν υπάρχουν, Καταχωρήστε ετικέτα πρώτοι!
|
MARC
| LEADER | 00000cam a2200000 a 4500 | ||
|---|---|---|---|
| 001 | 1/123388 | ||
| 008 | 210721s1994####gr | ||| |||| ||gre|| | ||
| 020 | |a 9602561807 | ||
| 040 | |a GR-MyUa |b gre |c GR-MyUa |e AACR2 | ||
| 041 | 1 | |a gre |h fre | |
| 082 | 7 | |a 801 |2 (23) | |
| 100 | 1 | |a Blanchot, Maurice. | |
| 245 | 1 | 2 | |a Ο χώρος της λογοτεχνίας / |c Maurice Blanchot ; εισαγωγή, μετάφραση Δημήτρης Δημητριάδης. |
| 250 | |a 2η έκδοση. | ||
| 260 | |a Αθήνα : |b Εξάντας, |c c1994. | ||
| 300 | |a 377 σ. ; |c 21 εκ. | ||
| 490 | 1 | |a (Νήματα) | |
| 500 | |a Τίτλος πρωτοτύπου: L'espace litteraire. | ||
| 504 | |a Περιλαμβάνει βιβλιογραφικές παραπομπές. | ||
| 650 | 0 | |a Literature |x Philosophy. | |
| 650 | 0 | |a Creation (Literary, artistic, etc.) | |
| 830 | 0 | |a Νήματα | |
| 852 | |a INST |b SYROS |e 20210719 |h 801 BLA |p 005500014105 |q 005500014105 |t BK |y 0 | ||
| 970 | |a Κοντού |b Παρασκευή |z 21/07/2021 | ||